Подробности
| 000 -МАРКЕР |
| контрольное поле |
01601nam2a22002771 4500 |
| 001 - ИДЕНТИФИКАТОР ЗАПИСИ |
| контрольное поле |
rc\4727272 |
| 005 - ИДЕНТИФИКАТОР ВЕРСИИ |
| контрольное поле |
20260406162104.0 |
| 035 ## - ДРУГИЕ СИСТЕМНЫЕ НОМЕРА |
| Идентификатор записи |
(NLR Aleph) 008445333 |
| 100 ## - ДАННЫЕ ОБЩЕЙ ОБРАБОТКИ |
| Данные общей обработки |
20130416d1985 |||y0rusy50 ca |
| 101 1# - ЯЗЫК РЕСУРСА |
| Язык текста, звукозаписи и т.д. |
русский |
| Язык оригинала |
не определено |
| 102 ## - СТРАНА ПУБЛИКАЦИИ ИЛИ ПРОИЗВОДСТВА |
| Страна публикации |
Российская Федерация |
| 105 ## - ПОЛЕ КОДИРОВАННЫХ ДАННЫХ: ТЕКСТОВЫЕ МАТЕРИАЛЫ, МОНОГРАФИЧЕСКИЕ |
| Кодированные данные о монографическом текстовом документе |
h z ||||| |
| 200 1# - ЗАГЛАВИЕ И СВЕДЕНИЯ ОБ ОТВЕТСТВЕННОСТИ |
| Основное заглавие |
Памятники индийской письменности из Центральной Азии |
| Первые сведения об ответственности |
[АН СССР, Отд-ние истории, Ин-т востоковедения] |
| Последующие сведения об ответственности |
Изд. текстов, исслед. и коммент. Г.М. Бонгард-Левина и М.И. Воробьевой-Десятовской |
| 210 ## - ПУБЛИКАЦИЯ, РАСПРОСТРАНЕНИЕ И ДР. |
| Дата издания, распространения и т.д. |
1985 |
| Место издания, распространения и т.д. |
Б. м. |
| 215 ## - ФИЗИЧЕСКАЯ ХАРАКТЕРИСТИКА |
| Специфическое обозначение материала и объем |
285 с. |
| Другие сведения о физической характеристике |
факс. |
| 300 ## - ОБЩИЕ ПРИМЕЧАНИЯ |
| Текст примечания |
Рез. англ. |
| 461 #0 - УРОВЕНЬ НАБОРА |
| Встроенное поле |
001rc\4727191 |
| -- |
2001#$aПамятники письменности Востока$e1-$f[Акад. наук СССР. Отд-ние истории. Ин-т народов Азии]$v73.1 |
| Системный номер (АБИС) связанной записи |
9503636 |
| Место публикации |
Москва |
| Дата публикации |
1965 |
| Первые сведения об ответственности |
[Акад. наук СССР. Отд-ние истории. Ин-т народов Азии] |
| Имя издателя, распространителя и т.д. |
Наука |
| Сведения, относящиеся к заглавию |
1- |
| Заглавие |
Памятники письменности Востока |
| Номер тома |
73.1 |
| 702 #1 - ИМЯ ЛИЦА - ВТОРИЧНАЯ ОТВЕТСТВЕННОСТЬ |
| Код отношения |
Редактор |
| Графика поля |
Кириллица |
| Материалы, к которым относится поле |
rus |
| Начальный элемент ввода |
Воробьева-Десятовская |
| Часть имени, кроме начального элемента ввода |
М. И. |
| Даты |
1933-2021 |
| Расширение инициалов личного имени |
Маргарита Иосифовна |
| Идентификатор авторитетной/нормативной записи |
RU\NLR\AUTH\7710531 |
| Системный номер авторитетной/нормативной записи |
120299 |
| 702 #1 - ИМЯ ЛИЦА - ВТОРИЧНАЯ ОТВЕТСТВЕННОСТЬ |
| Код отношения |
Автор |
| Материалы, к которым относится поле |
rus |
| Графика поля |
Кириллица |
| Начальный элемент ввода |
Бонгард-Левин |
| Часть имени, кроме начального элемента ввода |
Г. М. |
| Даты |
1933-2008 |
| Расширение инициалов личного имени |
Григорий Максимович |
| Идентификатор авторитетной/нормативной записи |
RU\NLR\auth\779097 |
| Системный номер авторитетной/нормативной записи |
118964 |
| 801 #0 - ИСТОЧНИК ЗАПИСИ |
| Страна |
Российская Федерация |
| Организация |
NLR |
| Правила каталогизации |
psbo |
| 801 #1 - ИСТОЧНИК ЗАПИСИ |
| Страна |
Российская Федерация |
| Организация |
ELAR |
| Источник данных |
rusmarc |
| 852 ## - МЕСТОНАХОЖДЕНИЕ И ШИФР ХРАНЕНИЯ |
| Идентификатор организации |
NLR |
| Наименование фонда или коллекции (Sub-Location Identifier) |
ОЛСАА |
| 942 ## - ДОПОЛНИТЕЛЬНЫЕ ЭЛЕМЕНТЫ ЗАПИСИ (АБИС) |
| Тип экземпляра АБИС |
Книга |
| 980 ## - КОЛЛЕКЦИЯ |
| Название коллекции |
Национальная библиография |